[Event "Oakham YM"]
[Site "Oakham"]
[Date "1986.??.??"]
[Round "2"]
[White "MacFarlane, D."]
[Black "Finegold, Benjamin"]
[Result "0-1"]
[WhiteElo "2360"]
[BlackElo "2280"]

1.c4 e5 2.Nc3 Bb4 3.Qc2 Nf6 4.Nf3 d6 5.a3 Bxc3 6.Qxc3 O-O 7.e3 Nc6 8.b4 Re8
9.Bb2 Bg4 10.Be2 e4 11.Nd4 Ne5 12.f4 exf3 13.gxf3 Bh5 14.Rg1 c5 15.Nf5 Bg6
16.Ng3 d5 17.bxc5 dxc4 18.f4 Nd3+ 19.Bxd3 Bxd3 20.Nh5 Nxh5 21.Rxg7+ Kf8 22.Rg8+ Ke7
23.Rg5 Nxf4 24.Qg7 Kd7 25.Qd4+ Kc6 26.Qxf4 Re4 27.Qg3 Qd7 28.O-O-O b6 29.Qf3 Re8
30.Rf5 Re7 31.Rg1 Kc7 32.Rf6 c3 33.dxc3 bxc5 34.Rg5 Rxe3 35.Rxc5+ Kb8 36.Qf4+ Ka8
37.Qd4 Re1+ 38.Kd2 Bb5 39.Rf2 Ba4  0-1

[Event "Hastings op8889"]
[Site "Hastings"]
[Date "1988.??.??"]
[Round "?"]
[White "Plaskett, Jim"]
[Black "Finegold, Benjamin"]
[Result "1-0"]
[WhiteElo "2465"]
[BlackElo "2380"]

1.e4 e5 2.Nf3 Nf6 3.Nxe5 d6 4.Nf3 Nxe4 5.d4 d5 6.Bd3 Bd6 7.O-O O-O 8.c4 c6
9.Nc3 Nxc3 10.bxc3 dxc4 11.Bxc4 Bg4 12.Qd3 Nd7 13.Ng5 Nf6 14.f4 h6 15.h3 Bh5
16.Nf3 Bxf3 17.Qxf3 Qe7 18.Bd3 Rfe8 19.Rb1 Nd5 20.Bd2 a5 21.f5 Nf6 22.g4 Ne4
23.Bxe4 Qxe4 24.Qxe4 Rxe4 25.Rxb7 c5 26.Rd7 Bf8 27.Re1 Rxe1+ 28.Bxe1 Rb8
29.d5 f6 30.Bf2 Rb1+ 31.Kg2 Rb2 32.a4 Rc2 33.Ra7 Rxc3 34.Rxa5 Rd3 35.Ra8 Rxd5
36.a5 Rd2 37.a6 Ra2 38.a7 Kf7 39.Kf3 Ra4 40.Be3 Be7 41.h4 Ra3 42.Ke4 Ra1
43.Bf4 Re1+ 44.Kd5 Rd1+ 45.Kc6 Ra1 46.Bc7 c4 47.Bb6 c3 48.Rc8 c2 49.Kb7 c1=Q
50.Rxc1 Rxc1 51.a8=Q Re1 52.Qa2+ Kf8 53.Bd4 Re4 54.Qd5 Re1 55.Kc7 Bb4 56.Qc4 Ba3
57.Qc3  1-0

[Event "Hastings op8889"]
[Site "Hastings"]
[Date "1988.??.??"]
[Round "?"]
[White "Suba, Mihai"]
[Black "Finegold, Benjamin"]
[Result "0-1"]
[WhiteElo "2550"]
[BlackElo "2380"]

1.Nf3 Nf6 2.c4 c6 3.Nc3 d5 4.e3 g6 5.d4 Bg7 6.b4 O-O 7.Qb3 Ne4 8.Nxe4 dxe4
9.Nd2 f5 10.Bb2 Nd7 11.Be2 e5 12.c5+ Kh8 13.d5 a5 14.a3 a4 15.Qa2 f4 16.Nxe4 fxe3
17.O-O Qh4 18.f3 Nf6 19.Nxf6 Bxf6 20.Rad1 Qg5 21.g3 Bh3 22.f4 exf4 23.Rxf4 Bxb2
24.Qxb2+ Kg8 25.Rxf8+ Rxf8 26.dxc6 h5 27.cxb7 Qf5 28.Ba6 Qf2+ 29.Qxf2 exf2+
30.Kh1 Bg4 31.Kg2 Bxd1 32.b8=Q Rxb8 33.Kxf2 Bg4 34.c6 Rb6 35.b5 Kf7 36.Ke3 Ke7
37.Kf4 Kd6 38.Kg5 Bf5  0-1

[Event "Lloyds Bank op"]
[Site "London"]
[Date "1988.??.??"]
[Round "?"]
[White "Kudrin, Sergey"]
[Black "Finegold, Benjamin"]
[Result "1-0"]
[WhiteElo "2545"]
[BlackElo "2355"]

1.e4 e5 2.Bc4 Nf6 3.d3 Nc6 4.Nf3 Be7 5.O-O O-O 6.Bb3 d6 7.c3 Na5 8.Bc2 c5
9.Re1 Nc6 10.h3 h6 11.d4 cxd4 12.cxd4 Qb6 13.d5 Nb4 14.Ba4 Qa6 15.Re3 b5
16.Bb3 Qb7 17.a3 Na6 18.Bc2 b4 19.Nbd2 Bd7 20.Nf1 Rac8 21.Bd2 Bd8 22.Ng3 Bb6
23.Re2 bxa3 24.bxa3 Bb5 25.Re1 Qc7 26.Bb1 Nc5 27.a4 Nd3 28.axb5 Bxf2+ 29.Kh2 Bxg3+
30.Kxg3 Nxe1 31.Qxe1 Qc4 32.Nh4 Qxb5 33.Nf5 Rc7 34.Kh2 Qb2 35.Bd3 Qb3 36.Qe2 Rd7
37.Rb1 Qa2 38.Nxg7 Kh7 39.Rf1 Ng8 40.Nf5 f6 41.Bb5 Rc7 42.Rf2 Rc2 43.Qg4 Rc7
44.Qh5 Qb1 45.Bxh6 Nxh6 46.Qxh6+ Kg8 47.Rf3  1-0

[Event "Lloyds Bank op"]
[Site "London"]
[Date "1988.??.??"]
[Round "?"]
[White "Finegold, Benjamin"]
[Black "Smyslov, Vassily"]
[Result "1/2-1/2"]
[WhiteElo "2355"]
[BlackElo "2550"]

1.d4 Nf6 2.c4 e6 3.Nc3 Bb4 4.Qc2 d5 5.cxd5 Qxd5 6.e3 c5 7.Bd2 Bxc3 8.Bxc3 cxd4
9.Bxd4 Nc6 10.Bc3 e5 11.Nf3 Bg4 12.Be2 O-O 13.Qb3 Qxb3 14.axb3 Rfe8 15.Bb5 Nd7
16.Bxc6 bxc6 17.Ra5 f6  1/2-1/2

[Event "Lloyds Bank op"]
[Site "London"]
[Date "1988.??.??"]
[Round "?"]
[White "Finegold, Benjamin"]
[Black "Sowray, Peter J"]
[Result "1-0"]
[WhiteElo "2355"]
[BlackElo "2330"]

1.d4 g6 2.c4 Bg7 3.Nf3 d6 4.Nc3 Bg4 5.e3 c6 6.Be2 Nf6 7.O-O O-O 8.b4 Nbd7
9.Bb2 e5 10.b5 e4 11.Nd2 Bxe2 12.Qxe2 d5 13.bxc6 bxc6 14.cxd5 cxd5 15.Ba3 Re8
16.Rab1 Nb6 17.Nb5 Bf8 18.Bxf8 Rxf8 19.Rfc1 Ne8 20.Rc6 Qd7 21.Rbc1 Rb8 22.R6c2 Na4
23.Nc7 Rb7 24.Nxe8 Rxe8 25.Nb3 Reb8 26.Qa6 Kg7 27.Rc6 Rb4 28.Rc7 Qf5 29.Qxa7 Nb2
30.Rxf7+ Qxf7 31.Rc7 R8b7 32.Rxf7+ Rxf7 33.Qa5 Rc4 34.Qxd5 Rc2 35.Qxe4 Rfxf2
36.Nc5 Nd1 37.Ne6+ Kf7 38.Ng5+ Kg7 39.Qb7+ Kh6 40.Nf7+ Kh5 41.Qd5+ Rf5 42.g4+ Kxg4
43.Nh6+ Kg5 44.Nxf5 gxf5 45.Qg8+ Kf6 46.Qxh7 Rxa2 47.Qh8+ Ke7 48.Qe5+ Kf8
49.Qf6+  1-0

[Event "National op"]
[Site "?"]
[Date "1988.??.??"]
[Round "?"]
[White "Finegold, Benjamin"]
[Black "Blankenau, Mike"]
[Result "0-1"]
[WhiteElo "2380"]
[BlackElo "2240"]

1.d4 d5 2.c4 dxc4 3.e3 Nf6 4.Bxc4 e6 5.Nf3 c5 6.O-O a6 7.Qe2 b5 8.Bb3 Bb7
9.Rd1 Nbd7 10.a4 b4 11.Nbd2 cxd4 12.exd4 Be7 13.Nc4 O-O 14.Bg5 Nb6 15.Nxb6 Qxb6
16.d5 Rae8 17.a5 Qc7 18.dxe6 fxe6 19.Rac1 Qxa5 20.Qxe6+ Kh8 21.Ne5 Bc5 22.Nf7+ Kg8
23.Qf5 Nd5 24.Bxd5 Bxd5 25.Qxd5 Re1+ 26.Rxe1 Bxf2+ 27.Kxf2 Qxd5 28.Kg1 Rxf7
29.Be7 h6  0-1

[Event "Saint John op-1"]
[Site "Saint John"]
[Date "1988.??.??"]
[Round "?"]
[White "Vidarsson, Jon G"]
[Black "Finegold, Benjamin"]
[Result "1/2-1/2"]
[WhiteElo "2305"]
[BlackElo "2380"]

1.e4 c5 2.Nf3 Nc6 3.d4 cxd4 4.Nxd4 g6 5.c4 Nf6 6.Nc3 d6 7.Be2 Nxd4 8.Qxd4 Bg7
9.Be3 O-O 10.Qd2 Be6 11.O-O Qa5 12.Rac1 Rfc8 13.b3 a6 14.f3 b5  1/2-1/2

[Event "Saint John op-1"]
[Site "Saint John"]
[Date "1988.??.??"]
[Round "?"]
[White "Wolff, Patrick G"]
[Black "Finegold, Benjamin"]
[Result "1-0"]
[WhiteElo "2530"]
[BlackElo "2380"]

1.e4 e6 2.d4 d5 3.Nd2 c5 4.Ngf3 Nc6 5.Bb5 cxd4 6.Nxd4 Bd7 7.Nxc6 bxc6 8.Bd3 Bd6
9.Qe2 e5 10.O-O Qe7 11.exd5 cxd5 12.c4 d4 13.Ne4 Bc7 14.c5 Kf8 15.f4 Re8
16.fxe5 Bxe5 17.Bf4 Bxf4 18.Rxf4 Nh6 19.Qf2  1-0

[Event "Saint John op-1"]
[Site "Saint John"]
[Date "1988.??.??"]
[Round "?"]
[White "La Rota, Fabio"]
[Black "Finegold, Benjamin"]
[Result "0-1"]
[WhiteElo "2295"]
[BlackElo "2380"]

1.e4 c6 2.d4 d5 3.e5 Bf5 4.h4 h5 5.Ne2 e6 6.Ng3 Bg6 7.Be2 c5 8.c3 Nc6 9.Be3 cxd4
10.cxd4 Qb6 11.Qb3 Nh6 12.Qxb6 axb6 13.Nc3 Nf5 14.Nxf5 Bxf5 15.Kd2 Kd7 16.f3 Bb4
17.Bd3 Bxc3+ 18.Kxc3 Rhc8 19.Bb5 Ra5 20.a4 Rxb5 21.axb5 Nxd4+ 22.Kd2 Nb3+
23.Ke2 Rc2+ 24.Bd2 Rxd2+ 25.Ke1 Rxb2 26.Rd1 Bc2  0-1

[Event "Saint John op-2"]
[Site "Saint John"]
[Date "1988.??.??"]
[Round "?"]
[White "Finegold, Benjamin"]
[Black "Boyd, Stephen"]
[Result "1/2-1/2"]
[WhiteElo "2380"]
[BlackElo "2250"]

1.d4 g6 2.Nf3 Bg7 3.c4 d6 4.Nc3 Bg4 5.e3 Nd7 6.Be2 e5 7.O-O Ne7 8.h3 Bxf3
9.Bxf3 Nc6 10.Bxc6 bxc6 11.Qa4 O-O 12.Qxc6 exd4 13.exd4 Bxd4 14.Bh6 Re8 15.Nd5 Rc8
16.Rae1 Rxe1 17.Rxe1 Ne5 18.Qa6 Rb8 19.Be3 Bxe3 20.Rxe3 Rxb2 21.Qxa7 Rb1+
22.Kh2 Qh4 23.Re4 Qd8 24.f4 Ng4+ 25.Kg3 Nf6 26.Nxf6+ Qxf6 27.Qxc7 h5 28.Qe7 h4+
29.Kg4 Qxe7 30.Rxe7 Rb2 31.Kxh4 Rxg2 32.Rd7 Rc2 33.Rxd6 Rxc4 34.Kg4 Ra4 35.Rd2  1/2-1/2

[Event "Saint John op-2"]
[Site "Saint John"]
[Date "1988.??.??"]
[Round "?"]
[White "Finegold, Benjamin"]
[Black "Gligoric, Svetozar"]
[Result "1/2-1/2"]
[WhiteElo "2380"]
[BlackElo "2515"]

1.d4 Nf6 2.c4 e6 3.Nc3 Bb4 4.Qc2 c5 5.dxc5 O-O 6.a3 Bxc5 7.Nf3 Nc6 8.Bg5 Nd4
9.Nxd4 Bxd4 10.e3 Qa5 11.exd4 Qxg5 12.Qd2  1/2-1/2

[Event "Saint John op-2"]
[Site "Saint John"]
[Date "1988.??.??"]
[Round "?"]
[White "Finegold, Benjamin"]
[Black "La Rota, Fabio"]
[Result "1-0"]
[WhiteElo "2380"]
[BlackElo "2295"]

1.e4 c6 2.d4 d5 3.exd5 cxd5 4.Bd3 Nc6 5.c3 g6 6.Bf4 Nh6 7.h3 f6 8.Nf3 Nf7
9.c4 Bg7 10.cxd5 Qxd5 11.O-O O-O 12.Nc3 Qa5 13.a3 e5 14.dxe5 fxe5 15.Be3 Rd8
16.Ng5 Nxg5 17.Bxg5 Rf8 18.b4 Qc7 19.Rc1 Qf7 20.Ne4 Be6 21.Nd6 Qd7 22.Be4 Nd4
23.Nxb7 Qb5 24.Nd6 Qa6 25.Bxa8 Rxa8 26.Ne4 Qxa3 27.Qd2 Bd5 28.Rc3 Qa6 29.Re1 Rf8
30.Rc7 Rb8 31.Bh6 Bh8 32.Qg5 Qe6 33.Nc5 Qf5 34.Qxf5 gxf5 35.Rxa7 Rb6 36.Rd7 Rxh6
37.Rxd5 Bg7 38.Rd8+ Kf7 39.Rd7+ Kg6 40.Rd6+ Kh5 41.Rxh6+ Kxh6 42.Rb1 Ne2+
43.Kf1 Nc3 44.Rb3 Nb5 45.Ne6 Bf6 46.Rd3 e4 47.Rd5  1-0

[Event "Saint John op-2"]
[Site "Saint John"]
[Date "1988.??.??"]
[Round "?"]
[White "Finegold, Benjamin"]
[Black "Scholseth, Tor Kristian"]
[Result "0-1"]
[WhiteElo "2380"]
[BlackElo "2265"]

1.d4 Nf6 2.c4 g6 3.Nc3 Bg7 4.Nf3 O-O 5.Bf4 d6 6.e3 c5 7.dxc5 dxc5 8.Be2 Nc6
9.O-O Qxd1 10.Rfxd1 Bf5 11.Ne5 Nxe5 12.Bxe5 Rad8 13.Bf3 Rd7 14.Nd5 Nxd5 15.Bxg7 Kxg7
16.cxd5 Rc7 17.e4 Bd7 18.e5 c4 19.Re1 b5 20.Rad1 Rc5 21.Rd4 b4 22.h3 Rb8
23.e6 fxe6 24.dxe6 Be8 25.Rd5 Rbc8 26.Rc1 Rxd5 27.Bxd5 Bb5 28.f4 Rc5 29.Be4 Kf6
30.Kf2 Kxe6 31.Ke3 Kd6 32.Rd1+ Kc7 33.Kd4 Kb6 34.Rc1 Rc8 35.g4 Rd8+ 36.Ke3 Kc5
37.h4 a5 38.g5 e6 39.h5 Be8 40.Bc2 Rd7 41.h6 Rd4 42.Be4 Rd8 43.Bc2 Bc6 44.Bb1 Bg2
45.Bc2 Bh3 46.Bb3 Rd4 47.Bd1 Bf5 48.Be2 Re4+ 49.Kf3 Rd4 50.Ke3 Bd3 51.Bf3 Rd7
52.Bd1 Rd4 53.Bf3 Rd7 54.Bd1 Kb5 55.Bf3 a4 56.b3 axb3 57.axb3 c3 58.Rd1 c2
59.Rc1 Bf5 60.Be2+ Kc5 61.Ra1 Ra7 62.Rc1 Ra2 63.Bd3 Rb2 64.Bxf5 exf5 65.Kd2 Kd4
66.Re1 Rb1  0-1

[Event "Saint John op-1"]
[Site "Saint John"]
[Date "1988.??.??"]
[Round "?"]
[White "Finegold, Benjamin"]
[Black "Kuczynski, Robert"]
[Result "1-0"]
[WhiteElo "2380"]
[BlackElo "2485"]

1.d4 Nf6 2.Nf3 e6 3.c4 b6 4.Bf4 Ba6 5.e3 Be7 6.Nc3 Nh5 7.Bg3 Bb7 8.Bd3 d6
9.Qc2 c5 10.Bxh7 cxd4 11.exd4 g6 12.Bxg6 fxg6 13.Qxg6+ Kd7 14.d5 Qg8 15.dxe6+ Kd8
16.Qxg8+ Rxg8 17.O-O-O Na6 18.Nb5 Nc5 19.Nxd6 Bxf3 20.gxf3 Bg5+ 21.Kc2 Ke7
22.Rhe1 Ng7 23.b4 Na6 24.Nf7 Nf5 25.Rd7+ Kf6 26.Nxg5 Kxg5 27.h4+ Kg6 28.Be5 Nxh4
29.Rf7 Ng2 30.Rg1 Kh6 31.Bg3 Rg7 32.Rxg7 Kxg7 33.Be5+ Kg6 34.Rxg2+ Kf5 35.Bc3 Nc7
36.e7 Ne6 37.Rh2 Re8 38.Rh5+ Kf4 39.Bf6 Kxf3 40.Rh8 Nc7 41.Rxe8  1-0

[Event "Saint John op-1"]
[Site "Saint John"]
[Date "1988.??.??"]
[Round "?"]
[White "Finegold, Benjamin"]
[Black "Ross, David"]
[Result "1/2-1/2"]
[WhiteElo "2380"]
[BlackElo "2325"]

1.d4 d5 2.c4 e6 3.Nc3 c5 4.cxd5 exd5 5.Nf3 Nc6 6.g3 Nf6 7.Bg2 Be7 8.O-O O-O
9.dxc5 Bxc5 10.a3 a6 11.Na4 Ba7 12.Bg5 Be6 13.Rc1 h6 14.Bxf6 Qxf6 15.b4 Rad8
16.Nc5 Bc8 17.Qd2 Rfe8 18.Rfe1 Re7 19.Nd3 Bf5 20.Nc5  1/2-1/2

[Event "Saint John op-1"]
[Site "Saint John"]
[Date "1988.??.??"]
[Round "?"]
[White "Basanta, Gary"]
[Black "Finegold, Benjamin"]
[Result "1/2-1/2"]
[WhiteElo "2215"]
[BlackElo "2380"]

1.e4 e6 2.d4 d5 3.Nd2 Nf6 4.e5 Nfd7 5.Bd3 c5 6.c3 Nc6 7.Ne2 Qb6 8.O-O cxd4
9.cxd4 Nxd4 10.Nxd4 Qxd4 11.Nf3 Qb6 12.Qc2 Qc5 13.Qe2 Qb6 14.Qc2 Qc5  1/2-1/2

[Event "Saint John op-1"]
[Site "Saint John"]
[Date "1988.??.??"]
[Round "?"]
[White "Finegold, Benjamin"]
[Black "Clemance, Philip A"]
[Result "0-1"]
[WhiteElo "2380"]
[BlackElo "2315"]

1.Nf3 d5 2.d4 Nf6 3.c4 e6 4.Nc3 Nbd7 5.Bg5 c6 6.e3 Qa5 7.Nd2 Bb4 8.Qc2 O-O
9.Be2 dxc4 10.Bxf6 Nxf6 11.Nxc4 Qc7 12.O-O Bd7 13.Ne4 Be7 14.Rac1 Rac8 15.Ne5 Rfd8
16.Ng5 Be8 17.Bc4 g6 18.a3 Nd5 19.Ne4 c5 20.Qe2 cxd4 21.exd4 Qb6 22.Rfd1 Nf6
23.Ng5 Nd5 24.Ngf3 Rc7 25.Ba2 Rdc8 26.Rxc7 Qxc7 27.Bxd5 exd5 28.Ne1 Ba4 29.Rb1 a6
30.Qf3 Bf8 31.N1d3 Bb5 32.Re1 Rd8 33.Rc1 Qe7 34.Nb4 Qe6 35.Rc7 f6 36.Ned3 b6
37.h3 a5 38.Nc2 Bd6 39.Rb7 Rc8 40.Nde1 Ba4 41.b3 Bd7 42.g3 Bc7 43.Ne3 Bc6
44.Rxc7 Rxc7 45.Nd3 Bb7 46.Ng4 Kg7 47.Qf4 Rc3 48.Qh6+ Kg8 49.Nf4 Qf7 50.Ne2 Rc2
51.Qe3 Kf8 52.Nf4 Bc8 53.Qf3 Bxg4 54.hxg4 Rc6 55.Kh2 Kg7 56.Nxd5 Rd6 57.Nf4 Rxd4
58.Qc3 Rd6 59.g5 Kg8 60.Qc8+ Kg7 61.Qb8 Qe7 62.gxf6+ Rxf6 63.Qc8 Rd6 64.Qc3+ Kh6
65.Qc1 g5 66.Nh3 Re6 67.Qc4 Kg6 68.Qd5 Qf6 69.Kg2 Qe5 70.Qd8 Rd6 71.Qg8+ Qg7
72.Qe8+ Qf7 73.Qe4+ Kh6 74.Kh2 Kg7 75.Nxg5 Qxf2+ 76.Kh3 Qf1+ 77.Kh4 Rh6+
78.Kg4 Qd1+ 79.Nf3 Rg6+ 80.Kf4 Qc1+ 81.Ke5 Qc3+  0-1

[Event "Cappelle op"]
[Site "Cappelle"]
[Date "1989.??.??"]
[Round "?"]
[White "Finegold, Benjamin"]
[Black "Forster, A."]
[Result "1/2-1/2"]
[WhiteElo "2370"]
[BlackElo "2200"]

1.d4 Nf6 2.c4 g6 3.Nc3 Bg7 4.e4 d6 5.Nf3 O-O 6.Be2 e5 7.dxe5 dxe5 8.Qxd8 Rxd8
9.Bg5 Re8 10.O-O-O h6 11.Bh4 c6 12.Nd2 Be6 13.f3 a6 14.c5 a5 15.Nc4 Bxc4
16.Bxc4 a4 17.Bf2 Bf8 18.b4 axb3 19.axb3 Nfd7 20.b4 b6 21.cxb6 Bxb4 22.Kb2 Nc5
23.Na2 Ba3+ 24.Kc2 Nbd7 25.Bxc5 Nxc5 26.Nc3 Reb8 27.Rd6 Ne6 28.Rd7 Rxb6 29.Rb1 Rxb1
30.Nxb1 Bb4 31.Bxe6 fxe6 32.Kb3 Bf8 33.Nd2 Ra3+ 34.Kc2 Bb4 35.Kb2 Rc3 36.Rb7 c5
37.Re7 Re3 38.Nc4 Re2+ 39.Kb3 Rxg2 40.Rxe6 Kf7 41.Rc6 Rg5 42.Ne3 h5 43.Kc4 Bd2
44.Nd5 Rg2 45.Rc7+ Kf8 46.Nf6 Bg5 47.Nh7+ Kg8 48.Nxg5 Rxg5 49.Kxc5 h4 50.Kd6 h3
51.Rc1 Rg2 52.Kxe5 Rxh2 53.Kf6 Rf2 54.Kxg6 Rxf3 55.Rc8+ Rf8 56.Rc5 h2 57.Rh5 Rf2
58.Rh3 Kf8 59.Rh7 Ke8 60.Kg5 Kf8 61.Kg4 Ke8 62.Kg3 Rf7 63.Rxh2 Ke7 64.Rh6 Rf6
65.Rh8 Rf1 66.Kg4 Ke6 67.Re8+ Kf7 68.Re5 Kf6 69.Ra5 Ke6 70.Kg5 Rf2 71.Rb5 Rf1
72.Rf5 Rxf5+ 73.exf5+ Kf7  1/2-1/2

[Event "Ostend op"]
[Site "Ostend"]
[Date "1989.??.??"]
[Round "3"]
[White "Geisler, Reinhard"]
[Black "Finegold, Benjamin"]
[Result "1-0"]
[WhiteElo "2245"]
[BlackElo "2375"]

1.d4 d5 2.c4 e5 3.dxe5 d4 4.Nf3 Nc6 5.g3 Be6 6.Nbd2 Qd7 7.Bg2 O-O-O 8.O-O h5
9.Qa4 h4 10.b4 hxg3 11.fxg3 d3 12.e3 Bh3 13.b5 Nb8 14.Qxa7 Bxg2 15.Kxg2 Qh3+
16.Kg1 Nh6 17.c5 Rd5 18.Ba3 Ng4 19.c6 Rxb5 20.Rab1 Nxh2 21.cxb7+ Kd7 22.e6+ Qxe6
23.Rxb5 c5 24.Qxb8 Bd6 25.Qxh8 Qxe3+ 26.Kg2 Nxf1 27.Kxf1 Qe2+ 28.Kg1 Qd1+
29.Kg2 Qe2+ 30.Kg1 Qd1+ 31.Kg2 Qe2+ 32.Kh3 Qf2 33.b8=N+ Ke6 34.Qe8+ Be7 35.Rb6+  1-0

[Event "Paris op-1"]
[Site "Paris"]
[Date "1989.??.??"]
[Round "?"]
[White "Finegold, Benjamin"]
[Black "Ligoure, Gilles"]
[Result "1-0"]
[WhiteElo "2370"]
[BlackElo "2050"]

1.d4 d5 2.c4 e5 3.dxe5 d4 4.Nf3 Nc6 5.g3 Be6 6.Nbd2 Qd7 7.a3 Nge7 8.b4 Ng6
9.Bb2 Be7 10.Bg2 Bh3 11.Bxh3 Qxh3 12.Qc2 O-O 13.Qe4 Rad8 14.b5 Ncxe5 15.Nxe5 f5
16.Qxb7 Nxe5 17.Qxc7 Bf6 18.O-O-O Rd7 19.Qc5 Re8 20.Nf3 Qh6+ 21.Kb1 Nxf3
22.exf3 Re5 23.Qc6 Ree7 24.Rhe1 Qxh2 25.Rxe7 Rxe7 26.Qd5+ Kf8 27.Bxd4  1-0

[Event "Paris op-1"]
[Site "Paris"]
[Date "1989.??.??"]
[Round "?"]
[White "Finegold, Benjamin"]
[Black "Mevel, Alberic"]
[Result "1-0"]
[WhiteElo "2370"]
[BlackElo "1970"]

1.d4 Nf6 2.c4 c5 3.d5 g6 4.Nc3 Bg7 5.e4 d6 6.Bd3 O-O 7.h3 e6 8.Nf3 exd5 9.exd5 Re8+
10.Be3 Bf5 11.Bxf5 gxf5 12.O-O Ne4 13.Nxe4 fxe4 14.Nd2 Nd7 15.Qg4 Nf6 16.Qh4 Nd7
17.Bg5 f6 18.Bh6 Bxh6 19.Qxh6 Qe7 20.Qf4 e3 21.Nf3 e2 22.Rfe1 Ne5 23.Nxe5 Qxe5
24.Qxe5 Rxe5 25.a4 Rae8 26.b3 Kf7 27.Ra2 Re4 28.Rb2 f5 29.f3 Re3 30.Kf2 Rc3
31.Rexe2 Rxe2+ 32.Kxe2 f4 33.Kd2 Re3 34.b4 cxb4 35.Rxb4 Re7 36.c5 dxc5 37.Rxf4+ Kg6
38.Re4 Rd7 39.Re5 Kf7 40.Kd3 Rd6 41.Kc4 b6 42.f4 Rf6 43.f5 Rh6 44.Kb5 Rh4
45.d6 Rd4 46.Kc6 c4 47.Re3  1-0

[Event "Paris op-1"]
[Site "Paris"]
[Date "1989.??.??"]
[Round "?"]
[White "Finegold, Benjamin"]
[Black "Denefle, H."]
[Result "1-0"]
[WhiteElo "2370"]
[BlackElo "1910"]

1.d4 d5 2.c4 Nc6 3.Nc3 dxc4 4.Nf3 Nf6 5.e4 Bg4 6.Be3 e6 7.Bxc4 Bb4 8.Qc2 Qe7
9.Bb5 O-O 10.Bxc6 bxc6 11.Ne5 c5 12.f3 Bh5 13.Nc6 Qd7 14.Nxb4 cxb4 15.Ne2 Bg6
16.Qc5 Rfb8 17.Rc1 Ne8 18.Nf4 a5 19.h4 h6 20.Qc6 Rd8 21.Qxd7 Rxd7 22.Ke2 Bh7
23.Rc5 Kf8 24.g4 Bg8 25.g5 hxg5 26.hxg5 Ke7 27.e5 f6 28.Rh8 fxg5 29.Nh3 Bf7
30.Bxg5+  1-0

[Event "Dieren op"]
[Site "Dieren"]
[Date "1990.??.??"]
[Round "1"]
[White "Bosman, Michiel"]
[Black "Finegold, Benjamin"]
[Result "1/2-1/2"]
[WhiteElo "2315"]
[BlackElo "2490"]

1.Nc3 Nf6 2.e4 e5 3.Nf3 Bb4 4.Bc4 d6 5.d3 O-O 6.a3 Bxc3+ 7.bxc3 Be6 8.Bb3 Nc6
9.O-O Qe7 10.Re1 Nd7 11.Bg5 f6 12.Bh4 Kh8 13.h3 Rae8 14.d4 Bf7 15.Qd3 Bg6
16.Nd2 Nb6 17.d5 Nd8 18.a4 Nd7 19.a5 Nc5 20.Qe3 Qd7 21.g4 c6 22.c4 Nf7 23.f3 Rc8
24.c3 Qc7 25.Reb1 Ng5 26.Kg2 Qd7 27.Bd1 Rc7 28.Ra3 h6 29.Be2 Rfc8 30.Bf2 Qe7
31.h4 Nh7 32.Nf1 Nf8 33.Ng3 Bh7 34.h5 Nfd7 35.Qd2 cxd5 36.cxd5 a6 37.Be3 Rb8  1/2-1/2

[Event "Dieren op"]
[Site "Dieren"]
[Date "1990.??.??"]
[Round "7"]
[White "Van Riemsdijk, Herman C"]
[Black "Finegold, Benjamin"]
[Result "1-0"]
[WhiteElo "2440"]
[BlackElo "2490"]

1.e4 e5 2.Nf3 Nf6 3.d4 Nxe4 4.Bd3 d5 5.Nxe5 Nd7 6.Nxd7 Bxd7 7.O-O Qh4 8.c4 O-O-O
9.c5 g5 10.f3 Nf6 11.Be3 Bg7 12.Nc3 Rde8 13.Bf2 Qh6 14.g3 Qh3 15.Qc2 h5 16.Rfe1 h4
17.c6 bxc6 18.Ba6+ Kd8 19.Qb3 Be6 20.Bf1 Qf5 21.Re5 Qg6 22.Qb7 Nh5 23.Qxc6 hxg3
24.hxg3 Bxe5 25.dxe5 Qc2 26.Qa8+  1-0

[Event "Dieren op"]
[Site "Dieren"]
[Date "1990.??.??"]
[Round "8"]
[White "Finegold, Benjamin"]
[Black "Sehner, Norbert"]
[Result "1/2-1/2"]
[WhiteElo "2490"]
[BlackElo "2420"]

1.d4 d5 2.c4 e6 3.Nc3 Nf6 4.Bg5 Be7 5.e3 O-O 6.Nf3 Nbd7 7.Qc2 c6 8.Rd1 Re8
9.a3 b6 10.Bd3 dxc4 11.Bxc4 Nd5 12.Bxe7 Qxe7 13.Nxd5 cxd5 14.Bb5 Bb7 15.O-O Rec8
16.Qa4 Nf8 17.Rc1 a6 18.Bd3 Rc7 19.Qb4 Qxb4 20.axb4 Rxc1 21.Rxc1 Rc8 22.Ra1 Nd7
23.Kf1 Nb8 24.b5 axb5 25.Ra7 Rc7 26.Bxb5 Kf8 27.Ne5 f6 28.Nd3 Ke7 29.Ke1 Kd6
30.Kd2 g5 31.Nb4 h5 32.h3 h4 33.Ba4 Bc6 34.Nxc6 Nxc6 35.Ra6 Ra7 36.Rxa7 Nxa7
37.Ke2 b5 38.Bd1 Nc6 39.Kf3 f5 40.g3 e5 41.gxh4 gxh4 42.Be2  1/2-1/2

[Event "Dieren op"]
[Site "Dieren"]
[Date "1990.??.??"]
[Round "9"]
[White "Vanheste, Jeroen"]
[Black "Finegold, Benjamin"]
[Result "1-0"]
[WhiteElo "2370"]
[BlackElo "2490"]

1.d4 d5 2.c4 c6 3.Nc3 Nf6 4.Bg5 Ne4 5.Nxe4 dxe4 6.Qd2 Bf5 7.e3 Nd7 8.f3 Qc7
9.Ne2 h6 10.Bh4 exf3 11.gxf3 e5 12.e4 Bg6 13.O-O-O f6 14.Bh3 Rd8 15.Bg3 Be7
16.Qc3 O-O 17.Bxd7 Rxd7 18.dxe5 Rxd1+ 19.Rxd1 fxe5 20.Bxe5 Qb6 21.Rg1 Bb4
22.Qd4 Qxd4 23.Nxd4 Kh7 24.f4 Rf7 25.f5 Bh5 26.Ne6 Bf3 27.a3 Be7 28.Re1 g6
29.Re3 Bh5 30.fxg6+ Bxg6 31.Kc2 Rf2+ 32.Kc3 Bf7 33.Nd4 c5 34.Nf5 Bg5 35.Rd3 Bc1
36.Kb3 b5 37.Rd7 bxc4+ 38.Ka4 Kg6 39.Nd6 Be6 40.Re7 Bg4 41.Nxc4 Re2 42.Bc3 Rxh2
43.Rxa7 Be2 44.Rg7+ Kh5 45.Nd6 Bxb2 46.Bxb2 Bd1+ 47.Kb5 Rxb2+ 48.Kxc5 Rb3
49.e5 Rxa3 50.e6 Re3 51.e7 Ba4 52.Kd5 Re1 53.Ne4 Kh4 54.Nf6 h5 55.Kd6 Rd1+
56.Nd5 Kh3 57.Rg8 h4 58.Ra8 Bb5 59.Rb8 Ba4 60.Ra8 Bb5 61.Kc5 Bd7 62.Rd8 Rc1+
63.Kd6 Ba4 64.Ra8 Bb5 65.Rb8 Ba4 66.Rb3+ Kg2 67.Rb4 Be8 68.Rxh4 Rd1 69.Rf4 Kg3
70.Rf8 Ba4 71.Ra8 Bb5 72.Rb8 Ba4 73.Ra8 Bb5 74.Kc5 Bd7 75.Rd8 Ba4 76.Nc3  1-0

[Event "Dortmund-B"]
[Site "Dortmund"]
[Date "1990.??.??"]
[Round "?"]
[White "Stein, Bernd"]
[Black "Finegold, Benjamin"]
[Result "0-1"]
[WhiteElo "2415"]
[BlackElo "2445"]

1.e4 d5 2.exd5 Nf6 3.c4 c6 4.d4 cxd5 5.Nc3 Nc6 6.Nf3 Bg4 7.cxd5 Nxd5 8.Qb3 Bxf3
9.gxf3 Nb6 10.Be3 e6 11.O-O-O Be7 12.d5 exd5 13.Nxd5 Nxd5 14.Rxd5 Qc7 15.Kb1 O-O
16.f4 Nb4 17.Re5 Bd6 18.Rg5 Bxf4 19.Rg4 Bxe3 20.fxe3 Nc6 21.Rhg1 g6 22.Bg2 Rac8
23.Bxc6 Qxc6 24.h4 Qd7 25.e4 Rc5 26.Rg5 Rxg5 27.hxg5 Qd4 28.Re1 Rd8 29.a3 Qd3+
30.Qxd3 Rxd3 31.Rc1 Rd7 32.Rc8+ Kg7 33.Kc2 h6 34.gxh6+ Kxh6  0-1

[Event "Dortmund-B"]
[Site "Dortmund"]
[Date "1990.??.??"]
[Round "?"]
[White "Finegold, Benjamin"]
[Black "Espig, Lutz"]
[Result "1/2-1/2"]
[WhiteElo "2445"]
[BlackElo "2475"]

1.d4 Nf6 2.c4 d6 3.Nf3 Nbd7 4.Nc3 e5 5.Bg5 Be7 6.e3 Ng8 7.Bxe7 Qxe7 8.Be2 Ngf6
9.O-O O-O 10.Qc2 b6 11.Nd5 Nxd5 12.cxd5 e4 13.Nd2 Nf6 14.Rfc1 Nxd5 15.Qc6 Be6
16.Nxe4 a6 17.Nc3 Nxc3 18.Rxc3 Ra7 19.Ra3 Qe8 20.Qe4 f5 21.Qc2 a5 22.b4 Bd5
23.bxa5 Qd7 24.Rc1 bxa5 25.Rc3 Rb8 26.f3 Qe6 27.Kf2 Re8 28.a4 Re7 29.Rb1 Ra8
30.h3 c6 31.Re1 Qf6 32.Bc4 f4 33.Bxd5+ cxd5 34.Qd2 Rae8 35.Rb3 Qg5 36.e4 dxe4
37.fxe4 Rxe4 38.Rxe4 Rxe4 39.Rb8+ Kf7 40.Rb7+ Re7 41.Rxe7+ Kxe7 42.Qe2+ Kd8
43.Qa6 Qg3+ 44.Kg1  1/2-1/2

[Event "Dortmund-B"]
[Site "Dortmund"]
[Date "1990.??.??"]
[Round "?"]
[White "Mainka, Romuald"]
[Black "Finegold, Benjamin"]
[Result "1/2-1/2"]
[WhiteElo "2445"]
[BlackElo "2445"]

1.e4 e5 2.Nf3 Nf6 3.Nxe5 d6 4.Nf3 Nxe4 5.d4 d5 6.Bd3 Bd6 7.O-O O-O 8.c4 c6
9.Nc3 Nxc3 10.bxc3 dxc4 11.Bxc4 Bg4 12.Qd3 Nd7 13.Bb3 Nc5 14.Qd1 Nxb3 15.axb3 Qf6
16.h3 Bxf3 17.Qxf3 Qxf3 18.gxf3 Rfe8 19.Be3 a6 20.Rfd1 Rad8 21.Rd3 f6 22.c4 Kf7
23.Rad1 Bc7  1/2-1/2

[Event "Dortmund-B"]
[Site "Dortmund"]
[Date "1990.??.??"]
[Round "?"]
[White "Finegold, Benjamin"]
[Black "Vogt, Lothar"]
[Result "1-0"]
[WhiteElo "2445"]
[BlackElo "2500"]

1.d4 Nf6 2.Nf3 g6 3.c4 Bg7 4.Nc3 O-O 5.Bf4 c5 6.e3 cxd4 7.exd4 d5 8.Be5 dxc4
9.Bxc4 Nc6 10.O-O Bf5 11.a3 Rc8 12.Ba2 Nxe5 13.dxe5 Nd7 14.Qe2 e6 15.h3 g5
16.Rfd1 Qe7 17.Rd4 Rc5 18.Qe3 Nxe5 19.Nxg5 Nc6 20.Rd2 Re5 21.Qg3 Bg6 22.f4 Qc5+
23.Kh2 Re3 24.Na4 Rxg3 25.Nxc5 Rxa3 26.Ncxe6 Rxa2 27.Rxa2 fxe6 28.Rd7 Bh6
29.Rxb7 Bxg5 30.fxg5 Rf2 31.Ra4 a5 32.Rc4 Be8 33.Rb6 Kf7 34.h4 Ne5 35.Re4 Nc6
36.Rb7+ Ne7 37.Kg1 Rxg2+ 38.Kxg2 Bc6 39.Rxe7+ Kxe7 40.Kf3 Bxe4+  1-0

[Event "Bundesliga 8990"]
[Site "Germany"]
[Date "1990.??.??"]
[Round "?"]
[White "Finegold, Benjamin"]
[Black "Ostermeyer, Peter"]
[Result "1-0"]
[WhiteElo "2375"]
[BlackElo "2465"]

1.d4 Nf6 2.c4 e6 3.Nc3 Bb4 4.Qc2 O-O 5.Bg5 c5 6.e3 h6 7.Bh4 d6 8.Bd3 Nbd7
9.Ne2 e5 10.O-O Bxc3 11.Nxc3 Re8 12.Nb5 g5 13.Bg3 Nf8 14.Rad1 Nh5 15.dxc5 Nxg3
16.fxg3 dxc5 17.Bh7+ Nxh7 18.Rxd8 Rxd8 19.Rxf7 Nf8 20.Re7 Bg4 21.Nc7 Rac8
22.Nd5 Rd6 23.Qf2  1-0